Welcome to the Holygrace Academy Library

Please use search bar below to get started

VIRTUAL FRIEND (Record no. 6033)

MARC details
000 -LEADER
fixed length control field 00323nam a22001457a 4500
020 ## - INTERNATIONAL STANDARD BOOK NUMBER
ISBN 1-902260-85-6
082 ## - DEWEY DECIMAL CLASSIFICATION NUMBER
Classification number 823
Item number HOF/V
100 ## - MAIN ENTRY--AUTHOR NAME
Personal name HOFFMAN, MARY
245 ## - TITLE STATEMENT
Title VIRTUAL FRIEND
260 ## - PUBLICATION, DISTRIBUTION, ETC. (IMPRINT)
Place of publication GREAT BRITIAN
Name of publisher BARRINGTON STOKE LTD
Year of publication 2001
300 ## - PHYSICAL DESCRIPTION
Number of Pages 59
520 ## - SUMMARY, ETC.
Summary, etc SHORT STORY
650 ## - SUBJECT ADDED ENTRY--TOPICAL TERM
Topical Term SHORT STORY
942 ## - ADDED ENTRY ELEMENTS (KOHA)
Koha item type Books
Holdings
Withdrawn status Lost status Collection code Home library Current library Shelving location Date acquired Source of acquisition Full call number Accession Number Koha item type
    Fiction Main Library Main Library SHELF 15-J-CHILDREN'S STORYBOOKS 01/11/2019 Purchase 823 HOF/V 11853 Books